Statystyki dla Irregular verbs -

Kliknij tutaj aby rozwiązać quiz!

Ogólne statystyki

  • Ten quiz został rozwiązany 21 razy
  • Średni wynik to 36 z 50

Statystyki odpowiedzi

HintOdpowiedźTlumaczenie% Poprawnych
putputklasc
100%
runranbiegac
100%
readreadczytac
100%
leaveleftopuszczac
94%
makemaderobic
94%
meetmetspotykac
94%
seesawwidziec
94%
letletpozwalac
88%
loselosttracic
88%
paypaidplacic
88%
riderodejezdzic
88%
swimswamplywac
88%
taketookwziac
88%
meanmeantmiec na mysli
81%
saysaidpowiedziec
81%
singsangspiewac
81%
sendsentwysylac
81%
shutshutzamykac
81%
sleepsleptspac
81%
speakspokemowic
81%
winwonwygrywac
81%
writewrotepisać
81%
lendlentpozyczac
75%
sitsatsiadac
75%
thinkthoughtmyslec
75%
understandunderstoodrozumiec
75%
wakewokeobudzic sie
75%
proveprovedudowodnic
69%
ringrangdzwonic
69%
riserosewzrastac
69%
slideslidslizgac sie
69%
spendspentwydawac
69%
throwthrewrzucac
69%
telltoldpowiedziec
69%
shootshotstrzelac
63%
showshowedpokazywac
63%
stealstolekrascc
63%
wearworenosic
63%
shineshoneswiecic
56%
speedspedprzyspieszyc
56%
standstoodstac
56%
teachtaughtuczyc
56%
lielaylezec
50%
shakeshookpotrzasac
50%
smellsmeltczuc
50%
sinksanktonac
44%
lightlitzapalac
38%
stinkstankcuchnac
38%
sweepsweptzamiatac
38%
stickstuckprzyklejac
31%

Rozkład punktacji

Percentyl według liczby udzielonych odpowiedzi

Procent ludzi z każdym wynikiem

Twoja historia wyników

Nie rozwiązałeś tego quizu